000 00679nam a2200229 a 4500
005 20240809063821.0
008 991125s1986 es 000 0 spa u
020 _a8432983128
035 _aUPN01000050192
049 _aF
050 4 _aTT214.3
_aF3.4
100 1 _aFauré, Valérie
_942209
245 1 0 _aLo que se puede hacer con cuerda y alambre /
_cValérie Fauré.
260 _aBarcelona, Esp. :
_bCEAC,
_c1986.
300 _a48 p. :
_bil.
440 0 _aCómo hacerlo ;
_v12
534 _pTraducción de:
_tCorde armae, fil de fer et cure-pipes
650 4 _aALAMBRE
_91992
650 4 _aCUERDA
_927068
650 4 _aTrabajos manuales
_vManuales
_927061
905 _aLibro
999 _c50192
_d50192